000 009800000a22002530004500
003 EG-GICUC
005 20250223030143.0
008 091215s1966 ua bo f m 000 0 ara d
040 _aEG-GiCUC
_bara
_cEG-GiCUC
041 0 _aara
049 _aايداع
097 _aدكتوراه
099 _aCai01.02.03.Ph.D.1966.ضى.ر
100 0 _aضياء محمود ابوغازى
245 1 0 _aرع فى الدولة القديمة /
_cضياء محمود ابوغازى ؛ اشراف عبدالحميد احمد زايد
260 _aالقاهرة :
_bضياء محمود ابوغازى :
_c1966
300 _a283ورقة :
_bخرائط : صور ؛
_c30سم
502 _aاطروحة(دكتوراه) - جامعة القاهرة - كلية الاداب - قسم التاريخ
700 0 _aعبدالحميد احمد زايد :
_eمشرف
856 _uhttp://172.23.153.220/th.pdf
905 _aFatma
_eCataloger
905 _aNazla
_eRevisor
942 _2ddc
_cTH
999 _c28717
_d28717